| 000 | 00780nam a22002657a 4500 | ||
|---|---|---|---|
| 999 |
_c4922 _d4922 |
||
| 001 | 2116 | ||
| 003 | BD-DhUAP | ||
| 005 | 20201124142601.0 | ||
| 008 | 201124s1998 us a|||| |||| 001 0 eng d | ||
| 020 | _a0521639239 | ||
| 040 |
_aBD-DhUAP _bEng _cBD-DhUAP _dBD-DhUAP |
||
| 082 |
_223 _a570 TAY |
||
| 100 | _aTaylor, D. J. | ||
| 245 |
_aBiological science / _cD. J. Taylor, N. P. O. Green and G. W. Stout ; edited by R. Soper. |
||
| 250 | _a3rd ed. | ||
| 260 |
_aNew York : _bCambridge University Press, _cc1998. |
||
| 300 |
_aviii, 984 pages : _billustrations ; _c27 cm. |
||
| 500 | _aIncludes index. | ||
| 650 | _aBiology. | ||
| 650 |
_aBiology _vStudy and teaching. |
||
| 700 | _aGreen, N. P. O. | ||
| 700 | _aStout, G. W. | ||
| 700 | _aSoper, R. | ||
| 942 |
_2ddc _cBK |
||